Normal view
MARC view
- روبنسون،كين؛ نرجمة موصللي، رامة
Entry Personal Name
001 - CONTROL NUMBER
- control field: 49492
003 - CONTROL NUMBER IDENTIFIER
- control field: JO-AjAnu
005 - DATE AND TIME OF LATEST TRANSACTION
- control field: 20230606082144.0
008 - FIXED-LENGTH DATA ELEMENTS
- fixed length control field: 230606|| aca||aabn | a|a d
040 ## - CATALOGING SOURCE
- Original cataloging agency: JO-AjAnu
- Transcribing agency: JO-AjAnu
100 ## - HEADING--PERSONAL NAME
- Personal name: روبنسون،كين؛ نرجمة موصللي، رامة
670 ## - SOURCE DATA FOUND
- Source citation: Work cat.: (JO-AjAnu)25309: روبنسون،كين؛ نرجمة موصللي، رامة, author, صناعة العقل : دور الثقافة والتعليم في تشكيل عقلك المبدع